000 00415 a2200157 4500
001 72523
020 _a97885100415088
040 _cAnchieta - Colégio São Paulo
100 _aJannone, Leila Rentroia
240 1 0 _aCom a ponta dos dedos e os olhos do coração
_lpor
245 1 0 _aCom a ponta dos dedos e os olhos do coração
300 _a39
362 0 _a2007
650 4 _aLiteratura infantil
942 _cBK
999 _c72523
_d72523